000
00343nam a2200145Ia 4500
008
150301s2007 xx 000 0 und d
082
_a
611
_b
C07K
100
_a
KULKARNI, NEETA V.
245
_a
CLINICAL ANATOMY FOR STUDENTS
250
_a
1ST
260
_b
JAYPEE
_a
DELHI
_c
2007
300
_a
948
650
_a
HUMAN ANATOMY
942
_2
ddc
_c
BK
999
_c
6746
_d
6746